000 00499nam a2200181Ia 4500
999 _c16645
_d16645
003 OSt
005 20200606115953.0
008 190216s9999||||xx |||||||||||||| ||und||
020 _a8181110447
040 _cMESKC library
082 _a891.43
_bJAY/K
100 _a K P, Jaya
_9430
245 0 _aKathakar Kamaleswar /
_cJaya K P
260 _bJawahar Pusthakalay.
_c2008.
_aMadhura:
300 _a304p
650 _aHindi
942 _cBK
_2ddc
_h891.43
_iJAY/K
_k891.43
_mJAY/K